Teoretické aspekty a dopady psychologických pascí na manažérske rozhodovanie

Psychologické vplyvy a psychologický model podnikateľského rozhodovania. Psychologické pasce v manažérskom rozhodovaní. Pasca status quo. Pasca odhadov a predpokladov. Ďalšie možné pasce. Možnosti eliminácie psychologických pascí v manažérskom rozhodovaní.

Salvato in:
Dettagli Bibliografici
Autore principale: Podmajerská, Katarína
Natura: Capitolo di libro
Lingua:slovacco
Soggetti:
Tags: Aggiungi Tag
Nessun Tag, puoi essere il primo ad aggiungerne!!

MARC

LEADER 00000nla a2200000 4500
001 0209572
005 20240502073501.5
041 0 |a slo 
044 |a SK 
245 1 0 |a Teoretické aspekty a dopady psychologických pascí na manažérske rozhodovanie  |c Katarína Podmajerská 
520 |a Psychologické vplyvy a psychologický model podnikateľského rozhodovania. Psychologické pasce v manažérskom rozhodovaní. Pasca status quo. Pasca odhadov a predpokladov. Ďalšie možné pasce. Možnosti eliminácie psychologických pascí v manažérskom rozhodovaní. 
610 2 0 |a rozhodovanie manažérske 
610 2 0 |a riadenie 
610 2 0 |a manažéri 
610 2 0 |a psychológia 
100 1 |a Podmajerská, Katarína